| 000 | 00477nam a22001817a 4500 | ||
|---|---|---|---|
| 003 | CEME | ||
| 005 | 20210628205350.0 | ||
| 008 | 210315b xxu||||| |||| 00| 0 eng d | ||
| 020 | _a0-471-57684-0 | ||
| 040 | _c. | ||
| 082 | _a621.366 LAS'T | ||
| 100 |
_aTravis, John C Turk, Gregory C _975158 |
||
| 245 | _aLaser enhanced ionization spectrometry | ||
| 260 |
_aNEWYORK _bJOHN WILEY _c1996 |
||
| 300 | _aXXI, 334P | ||
| 650 |
_aLASER SPECTROMETRY _975159 |
||
| 942 |
_cBK _2ddc |
||
| 999 |
_c580633 _d580633 |
||